[Event "Erbil zt 3.1 (Women)"]
[Site "Erbil"]
[Date "2025.04.14"]
[Round "8"]
[White "Karimi, Setayesh"]
[Black "Al Fayyadh, Zainab Asif Abdulah"]
[Result "1-0"]
[WhiteElo "2083"]
[BlackElo "1781"]
[PlyCount "65"]
[EventDate "2025.04.08"]
[EventType "swiss"]
[EventRounds "9"]
[EventCountry "IRQ"]
[SourceTitle "CB16_2025"]
[SourceDate "2025.04.16"]
[SourceVersion "1"]
[SourceVersionDate "2025.04.16"]
[SourceQuality "1"]

1. d4 d5 2. c4 e6 3. Nc3 Nf6 4. cxd5 exd5 5. Bg5 Be7 6. e3 0-0 7. Bd3 h6 8. Bh4 b6 9. Nf3 Bb7 10. 0-0 Ne4 11. Bxe7 Qxe7 12. Qc2 Nxc3 13. bxc3 Nd7 14. Rae1 Nf6 15. Ne5 c5 16. f4 Rfc8 17. Qe2 Ne4 18. Bxe4 dxe4 19. f5 f6 20. Ng6 Qf7 21. Rc1 a5 22. Qb2 Ba6 23. Rfd1 cxd4 24. Rxd4 Rc5 25. Rxe4 Rb5 26. Qc2 Re8 27. Rd1 Bb7 28. Rxe8+ Qxe8 29. e4 Re5 30. Nxe5 Qxe5 31. Qb3+ Kh7 32. Rd8 Qc5+ 33. Kh1 1-0

[Event "Erbil zt 3.1 (Women)"]
[Site "Erbil"]
[Date "2025.04.13"]
[Round "7"]
[White "Al Fayyadh, Zainab Asif Abdulah"]
[Black "Lania, Salah Abdullah"]
[Result "1-0"]
[WhiteElo "1781"]
[BlackElo "1608"]
[PlyCount "45"]
[EventDate "2025.04.08"]
[EventType "swiss"]
[EventRounds "9"]
[EventCountry "IRQ"]
[SourceTitle "CB16_2025"]
[SourceDate "2025.04.16"]
[SourceVersion "1"]
[SourceVersionDate "2025.04.16"]
[SourceQuality "1"]

1. e4 e6 2. d4 d5 3. e5 c5 4. c3 Nc6 5. Nf3 Qb6 6. a3 c4 7. Nbd2 Na5 8. b3 cxb3 9. Rb1 Bd7 10. c4 dxc4 11. Nxc4 Nxc4 12. Bxc4 Qc7 13. Bxb3 Bxa3 14. 0-0 Bxc1 15. Rxc1 Qd8 16. d5 Nh6 17. dxe6 fxe6 18. Nd4 0-0 19. Bxe6+ Bxe6 20. Nxe6 Qxd1 21. Rfxd1 Rf7 22. Ng5 Re7 23. e6 1-0

[Event "Erbil zt 3.1 (Women)"]
[Site "Erbil"]
[Date "2025.04.10"]
[Round "3"]
[White "Al Fayyadh, Zainab Asif Abdulah"]
[Black "Sara, Masood Abdullah"]
[Result "1/2-1/2"]
[WhiteElo "1781"]
[BlackElo "1871"]
[PlyCount "68"]
[EventDate "2025.04.08"]
[EventType "swiss"]
[EventRounds "9"]
[EventCountry "IRQ"]
[SourceTitle "CB16_2025"]
[SourceDate "2025.04.16"]
[SourceVersion "1"]
[SourceVersionDate "2025.04.16"]
[SourceQuality "1"]

1. e4 e6 2. d4 d5 3. e5 c5 4. c3 Nc6 5. Nf3 Nh6 6. Be2 Nf5 7. Be3 Be7 8. 0-0 0-0 9. Nbd2 Nxe3 10. fxe3 Bd7 11. Qe1 f6 12. Qg3 Qb6 13. Rab1 cxd4 14. exd4 fxe5 15. Nxe5 Nxe5 16. Qxe5 Bf6 17. Qe3 e5 18. Nf3 exd4 19. Nxd4 Rae8 20. Qd2 Re4 21. Rbd1 Bxd4+ 22. cxd4 Rxf1+ 23. Kxf1 Rxe2 24. Kxe2 Bg4+ 25. Ke1 Qe6+ 26. Kf1 Qf5+ 27. Kg1 Bxd1 28. Qxd1 Kf7 29. h3 Ke6 30. Qa4 a6 31. Qe8+ Kd6 32. Qd8+ Kc6 33. Qe8+ Kd6 34. Qd8+ Kc6 1/2-1/2

[Event "Olympiad Women-44"]
[Site "Chennai"]
[Date "2022.08.01"]
[Round "4.1"]
[White "Haile, Lidet Abate"]
[Black "Al Fayyadh, Zainab Asif Abdulah"]
[Result "0-1"]
[WhiteElo "1624"]
[BlackElo "1749"]
[PlyCount "136"]
[EventDate "2022.07.29"]
[EventType "team-swiss"]
[EventRounds "11"]
[EventCountry "IND"]
[SourceTitle "CBM 210"]
[Source "ChessBase"]
[SourceDate "2022.10.31"]
[SourceVersion "1"]
[SourceVersionDate "2022.10.31"]
[SourceQuality "1"]
[WhiteTeam "Ethiopia (W)"]
[BlackTeam "Iraq (W)"]
[WhiteTeamCountry "ETH"]
[BlackTeamCountry "IRQ"]

1. e4 e5 2. Nf3 Nc6 3. Bc4 Bc5 4. 0-0 Nf6 5. d3 d6 6. Bg5 Be6 7. Bb3 h6 8. Bh4 Bxb3 9. axb3 g5 10. Bg3 h5 11. h4 g4 12. Nfd2 Qd7 13. c3 0-0-0 14. b4 Bb6 15. Nc4 Nh7 16. Nxb6+ axb6 17. Ra8+ Nb8 18. Qb3 f5 19. exf5 Qxf5 20. c4 Nf6 21. Na3 Kd7 22. c5 Qe6 23. Nc4 b5 24. Nd2 Qxb3 25. Nxb3 Nc6 26. Rxd8+ Rxd8 27. cxd6 cxd6 28. d4 e4 29. f3 gxf3 30. gxf3 Rg8 31. Kf2 e3+ 32. Kg2 Nxb4 33. Nc1 Nfd5 34. Kh2 Rc8 35. b3 Rc2+ 36. Kh1 Rd2 37. f4 Nc2 38. f5 Nf6 39. Bf4 e2 40. Rg1 Rxd4 41. Nxe2 Re4 42. Bg5 Rxe2 43. Bxf6 Ne1 44. Rf1 Nd3 45. Kg1 Ne5 46. Bg5 Rb2 47. f6 Ke8 48. Rd1 Nf3+ 49. Kf1 Rxb3 50. Rxd6 Nxg5 51. hxg5 Rg3 52. Rb6 Rxg5 53. Rxb7 h4 54. Kf2 Kf8 55. Rh7 Rg4 56. Kf3 Rc4 57. Ke3 b4 58. Kd3 Rc3+ 59. Kd4 h3 60. Ke5 b3 61. Ke6 Re3+ 62. Kf5 b2 63. Rh8+ Kf7 64. Rh7+ Ke8 65. Rb7 h2 66. f7+ Kf8 67. Kg6 Rg3+ 68. Kf6 Rf3+ 0-1

[Event "Olympiad Women-44"]
[Site "Chennai"]
[Date "2022.07.31"]
[Round "3.1"]
[White "Al Fayyadh, Zainab Asif Abdulah"]
[Black "Aydin, Gulenay"]
[Result "1/2-1/2"]
[WhiteElo "1749"]
[BlackElo "2100"]
[PlyCount "120"]
[EventDate "2022.07.29"]
[EventType "team-swiss"]
[EventRounds "11"]
[EventCountry "IND"]
[SourceTitle "CBM 210"]
[Source "ChessBase"]
[SourceDate "2022.10.31"]
[SourceVersion "1"]
[SourceVersionDate "2022.10.31"]
[SourceQuality "1"]
[WhiteTeam "Iraq (W)"]
[BlackTeam "Turkey (W)"]
[WhiteTeamCountry "IRQ"]
[BlackTeamCountry "TUR"]

1. e4 c6 2. d4 d5 3. exd5 cxd5 4. Bd3 Nc6 5. c3 g6 6. Nf3 Bf5 7. 0-0 Bxd3 8. Qxd3 Bg7 9. Bf4 Nf6 10. Nbd2 0-0 11. Qb5 Qd7 12. Rfe1 Rfe8 13. Qb3 Rad8 14. Ne5 Qc8 15. Ndf3 Nh5 16. Nxc6 bxc6 17. Be3 Bf6 18. Ne5 Bxe5 19. dxe5 Qd7 20. Qa4 Ra8 21. Qh4 Ng7 22. g4 Rab8 23. b3 Rbc8 24. b4 h5 25. h3 a5 26. a3 axb4 27. axb4 Ra8 28. Bd4 Rxa1 29. Rxa1 Qe6 30. f4 Qd7 31. Ra7 Qc8 32. Rxe7 Rxe7 33. Qxe7 hxg4 34. Qf6 Qe6 35. Qd8+ Ne8 36. h4 Kh7 37. Qg5 Ng7 38. Kf2 Nh5 39. Bc5 g3+ 40. Kg2 d4 41. Bxd4 Qd5+ 42. Kg1 Qf3 43. f5 Qd1+ 44. Kg2 Qe2+ 45. Kg1 Qh2+ 46. Kf1 Qh1+ 47. Ke2 Qg2+ 48. Kd3 Qf1+ 49. Kd2 Qg2+ 50. Ke1 Qe4+ 51. Kf1 Qf3+ 52. Ke1 Qe4+ 53. Kf1 Qb1+ 54. Ke2 Qc2+ 55. Ke1 Qe4+ 56. Kf1 Qf3+ 57. Ke1 Qh1+ 58. Ke2 Qg2+ 59. Ke1 Qe4+ 60. Kf1 Qf3+ 1/2-1/2

[Event "Arab-ch (Women)"]
[Site "Abu Dhabi"]
[Date "2021.11.27"]
[Round "2"]
[White "Al Fayyadh, Zainab Asif Abdulah"]
[Black "Lamya, Al Areqi"]
[Result "1-0"]
[WhiteElo "1733"]
[BlackElo "1237"]
[PlyCount "98"]
[EventDate "2021.11.26"]
[EventType "swiss"]
[EventRounds "9"]
[EventCountry "UAE"]
[SourceTitle "CBM 205 Extra"]
[Source "ChessBase"]
[SourceDate "2022.01.31"]
[SourceVersion "1"]
[SourceVersionDate "2022.01.31"]
[SourceQuality "1"]

1. e4 e5 2. Nf3 Nc6 3. Bb5 d6 4. d4 Bd7 5. 0-0 Nf6 6. Re1 Be7 7. c3 0-0 8. Nbd2 h6 9. Nf1 Nh7 10. Ng3 Ng5 11. d5 Nb8 12. Bxd7 Nxd7 13. Nf5 Nxf3+ 14. Qxf3 Bg5 15. Qg3 Qf6 16. h4 Bxc1 17. Raxc1 Nc5 18. Re3 Nxe4 19. Qg4 Nc5 20. Rg3 Kh8 21. Qxg7+ Qxg7 22. Rxg7 Nd3 23. Rd1 Nf4 24. Kf1 Rae8 25. Rg4 h5 26. Rg5 Rg8 27. g3 Rxg5 28. hxg5 Nh3 29. Kg2 Nxg5 30. Rh1 Kh7 31. Rxh5+ Kg6 32. g4 f6 33. Rh6+ Kf7 34. Ng3 Kg7 35. Rh1 Rh8 36. Nh5+ Kf7 37. Re1 c6 38. c4 Re8 39. Rd1 Rd8 40. Ng3 Kg6 41. Nf5 Nf7 42. dxc6 bxc6 43. Ne7+ Kg5 44. Kg3 Rd7 45. Nxc6 Rc7 46. Na5 Rc5 47. b4 Rc7 48. Rd5 a6 49. c5 dxc5 1-0

[Event "IRQ-ch (Women)"]
[Site "Baghdad"]
[Date "2021.10.29"]
[Round "4"]
[White "Al Fayyadh, Zainab Asif Abdulah"]
[Black "Nihad, Sabah Noori"]
[Result "1-0"]
[WhiteElo "1677"]
[BlackElo "1552"]
[PlyCount "83"]
[EventDate "2021.10.27"]
[EventType "tourn"]
[EventRounds "13"]
[EventCountry "IRQ"]
[SourceTitle "EXT 2023"]
[Source "ChessBase"]
[SourceDate "2022.10.05"]
[SourceVersion "1"]
[SourceVersionDate "2022.10.05"]
[SourceQuality "1"]

1. e4 e5 2. Nf3 Nf6 3. Nxe5 d6 4. Nf3 Nxe4 5. Nc3 d5 6. Qe2 Be7 7. Nxe4 dxe4 8. Qxe4 0-0 9. d4 Bb4+ 10. c3 Re8 11. Ne5 Ba5 12. Bc4 Be6 13. Bxe6 Rxe6 14. 0-0 Nd7 15. Qd5 Nxe5 16. Qxa5 Ng6 17. f4 Re2 18. Qh5 Qe7 19. g3 Re8 20. f5 Nf8 21. Qf3 Rc2 22. Bf4 Qe2 23. Rf2 Qxf3 24. Rxf3 Ree2 25. g4 Nd7 26. Re3 Rg2+ 27. Kh1 h6 28. Rg1 Rxg1+ 29. Kxg1 Nf6 30. g5 hxg5 31. Bxg5 Rxb2 32. Bxf6 gxf6 33. c4 Kf8 34. d5 Rxa2 35. Rg3 Rd2 36. Rg4 a5 37. Rg3 Rd4 38. Ra3 b6 39. Rc3 Rf4 40. c5 Rxf5 41. d6 cxd6 42. c6 1-0

[Event "Online Olym Div3 B"]
[Site "Chess.com INT"]
[Date "2021.08.29"]
[Round "7.5"]
[White "Al Fayyadh, Zainab Asif Abdulah"]
[Black "Jalloul, Maya M"]
[Result "0-1"]
[WhiteElo "1658"]
[BlackElo "1861"]
[PlyCount "68"]
[EventDate "2021.08.27"]
[EventType "team-tourn (rapid)"]
[EventRounds "9"]
[EventCountry "USA"]
[SourceTitle "CBM 204 Extra"]
[Source "ChessBase"]
[SourceDate "2021.11.30"]
[SourceVersion "1"]
[SourceVersionDate "2021.11.30"]
[SourceQuality "1"]
[WhiteTeam "Iraq"]
[BlackTeam "Lebanon"]
[WhiteTeamCountry "IRQ"]
[BlackTeamCountry "LBN"]

1. e4 c5 2. Nc3 a6 3. f4 Nc6 4. Nf3 g6 5. a3 Bg7 6. Bc4 e6 7. 0-0 Nge7 8. d3 0-0 9. Kh1 d6 10. Qe1 b5 11. Ba2 Nd4 12. Nxd4 cxd4 13. Ne2 Qc7 14. c3 dxc3 15. bxc3 Bb7 16. Bd2 d5 17. Ng3 dxe4 18. Nxe4 Rad8 19. d4 Nd5 20. Qh4 Qe7 21. Qh3 Rc8 22. Nc5 Rfd8 23. Rae1 Nf6 24. f5 Rxc5 25. fxe6 Bd5 26. dxc5 Bxa2 27. exf7+ Qxf7 28. Bg5 Rf8 29. Qh4 Bc4 30. Rf4 Be6 31. h3 Bd5 32. Ref1 Qb7 33. R1f2 Ne4 34. Rxf8+ Bxf8 0-1

[Event "Online Olym Div3 B"]
[Site "Chess.com INT"]
[Date "2021.08.28"]
[Round "5.4"]
[White "Al Fayyadh, Zainab Asif Abdulah"]
[Black "Alattar, Ghayda M"]
[Result "1-0"]
[WhiteElo "1658"]
[BlackElo "1868"]
[PlyCount "91"]
[EventDate "2021.08.27"]
[EventType "team-tourn (rapid)"]
[EventRounds "9"]
[EventCountry "USA"]
[SourceTitle "CBM 204 Extra"]
[Source "ChessBase"]
[SourceDate "2021.11.30"]
[SourceVersion "1"]
[SourceVersionDate "2021.11.30"]
[SourceQuality "1"]
[WhiteTeam "Iraq"]
[BlackTeam "Jordan"]
[WhiteTeamCountry "IRQ"]
[BlackTeamCountry "JOR"]

1. e4 d6 2. d4 Nf6 3. Nc3 g6 4. Nf3 Bg7 5. Be2 c6 6. Bf4 b5 7. a3 a6 8. Qd2 0-0 9. Bh6 c5 10. dxc5 dxc5 11. Qf4 Qa5 12. 0-0 e6 13. Bxg7 Kxg7 14. e5 Ne8 15. h4 Bb7 16. Rad1 Qc7 17. Nh2 Qe7 18. h5 h6 19. Ne4 f5 20. exf6+ Nxf6 21. Nxf6 Rxf6 22. Qe5 Nc6 23. Qe3 g5 24. Ng4 Rf7 25. c3 Raf8 26. Bd3 Rf4 27. Ne5 Rh4 28. Ng6 Qd6 29. Nxh4 gxh4 30. Be4 Qe7 31. Bxc6 Bxc6 32. Qe5+ Kg8 33. Rd6 Bd5 34. Rxd5 Rf5 35. Qb8+ Rf8 36. Qe5 Rf5 37. Qd6 Qf6 38. Rxf5 Qxf5 39. Qxa6 h3 40. Qa8+ Kg7 41. gxh3 Qxh5 42. Qg2+ Kf7 43. Re1 Qf5 44. Re3 Ke7 45. Qb7+ Kf8 46. Rf3 1-0

[Event "Online Olym Div3 C"]
[Site "Chess.com INT"]
[Date "2020.08.09"]
[Round "8.4"]
[White "Al Fayyadh, Zainab Asif Abdulah"]
[Black "Alattar, Ghayda M"]
[Result "0-1"]
[WhiteElo "1631"]
[BlackElo "1868"]
[PlyCount "84"]
[EventDate "2020.08.07"]
[EventType "team-tourn (rapid)"]
[EventRounds "9"]
[EventCountry "USA"]
[SourceTitle "CBM 198"]
[Source "ChessBase"]
[SourceDate "2020.10.31"]
[SourceVersion "1"]
[SourceVersionDate "2020.10.31"]
[SourceQuality "1"]
[WhiteTeam "Iraq"]
[BlackTeam "Jordan"]
[WhiteTeamCountry "IRQ"]
[BlackTeamCountry "JOR"]

1. e4 d6 2. d4 Nf6 3. Nc3 g6 4. Nf3 Bg7 5. Be2 0-0 6. 0-0 c6 7. h3 Nbd7 8. Be3 e5 9. Qd2 Qc7 10. Bh6 b5 11. a3 a6 12. Qg5 c5 13. dxe5 dxe5 14. Bxg7 Kxg7 15. Nd5 Nxd5 16. exd5 f6 17. Qe3 Nb6 18. Rad1 Qd6 19. Nh2 Bb7 20. Bf3 Rad8 21. Ng4 c4 22. Qh6+ Kg8 23. Ne3 f5 24. b3 cxb3 25. cxb3 Qxa3 26. d6 Bxf3 27. gxf3 Rxd6 28. Rxd6 Qxd6 29. Kh1 Nd5 30. Ng2 Qc6 31. Nh4 Nf4 32. Kh2 Qc2 33. Kg3 Qxb3 34. Re1 Qd5 35. Ra1 Qd6 36. Kh2 b4 37. Rg1 b3 38. Rg5 Qe6 39. Nxg6 Nxg6 40. h4 Rf6 41. h5 b2 42. hxg6 Rxg6 0-1

[Event "Online Olym Div3 C"]
[Site "Chess.com INT"]
[Date "2020.08.08"]
[Round "6.3"]
[White "Al Fayyadh, Zainab Asif Abdulah"]
[Black "Jalloul, Maya M"]
[Result "1/2-1/2"]
[WhiteElo "1631"]
[BlackElo "1861"]
[PlyCount "97"]
[EventDate "2020.08.07"]
[EventType "team-tourn (rapid)"]
[EventRounds "9"]
[EventCountry "USA"]
[SourceTitle "CBM 198"]
[Source "ChessBase"]
[SourceDate "2020.10.31"]
[SourceVersion "1"]
[SourceVersionDate "2020.10.31"]
[SourceQuality "1"]
[WhiteTeam "Iraq"]
[BlackTeam "Lebanon"]
[WhiteTeamCountry "IRQ"]
[BlackTeamCountry "LBN"]

1. e4 c5 2. Nc3 a6 3. f4 g6 4. Nf3 Bg7 5. a4 Nc6 6. Bc4 e6 7. d3 Nge7 8. 0-0 d6 9. Kh1 0-0 10. Ne2 Rb8 11. Qe1 b5 12. axb5 axb5 13. Bb3 d5 14. c3 c4 15. Bc2 b4 16. dxc4 dxc4 17. Qh4 h6 18. f5 exf5 19. Bxh6 f6 20. exf5 Bxf5 21. Bxg7 Kxg7 22. Bxf5 Nxf5 23. Qxc4 Qd6 24. Rfd1 Qc7 25. Ned4 Nfxd4 26. Nxd4 Qf7 27. Qxc6 Rfe8 28. Nf3 bxc3 29. bxc3 Rbc8 30. Qd7 Rxc3 31. Qxf7+ Kxf7 32. Ra7+ Kf8 33. h3 Re7 34. Rdd7 Rce3 35. Nd4 Kf7 36. Rxe7+ Rxe7 37. Rxe7+ Kxe7 38. Kh2 Kd6 39. Kg3 Ke5 40. Nf3+ Kf5 41. Kh4 Kf4 42. Nd4 g5+ 43. Kh5 Kg3 44. Nf5+ Kxg2 45. Kg4 Kf2 46. Ng3 Kg2 47. Nf5 Kf2 48. Nd6 Kg2 49. Nf5 1/2-1/2

[Event "Online Olym Div3 C"]
[Site "Chess.com INT"]
[Date "2020.08.08"]
[Round "4.2"]
[White "Al Fayyadh, Zainab Asif Abdulah"]
[Black "Wilson, Julie Christine"]
[Result "1-0"]
[WhiteElo "1631"]
[BlackElo "1826"]
[PlyCount "105"]
[EventDate "2020.08.07"]
[EventType "team-tourn (rapid)"]
[EventRounds "9"]
[EventCountry "USA"]
[SourceTitle "CBM 198"]
[Source "ChessBase"]
[SourceDate "2020.10.31"]
[SourceVersion "1"]
[SourceVersionDate "2020.10.31"]
[SourceQuality "1"]
[WhiteTeam "Iraq"]
[BlackTeam "Wales"]
[WhiteTeamCountry "IRQ"]
[BlackTeamCountry "WLS"]

1. e4 e6 2. d4 d5 3. e5 c5 4. c3 Nc6 5. Nf3 Bd7 6. a3 f6 7. b4 fxe5 8. dxe5 cxb4 9. cxb4 Nge7 10. Bb2 Ng6 11. Be2 Be7 12. 0-0 0-0 13. Nbd2 Rc8 14. Rc1 a6 15. Nb3 Na7 16. Nbd4 Nc6 17. Nxc6 Rxc6 18. Nd4 Rxc1 19. Qxc1 Nxe5 20. Nxe6 Bxe6 21. Bxe5 Bf6 22. Qc3 Qd7 23. Re1 d4 24. Qc7 Qxc7 25. Bxc7 Bf7 26. Rd1 Rc8 27. Bb6 Rc3 28. Bxd4 Bxd4 29. Rxd4 h6 30. f3 Rxa3 31. Rd8+ Kh7 32. Rd7 Bg6 33. Rxb7 Ra1+ 34. Kf2 Ra2 35. Ke3 Ra3+ 36. Kd4 Ra4 37. Kc5 Ra2 38. Re7 Bb1 39. g4 Bg6 40. h4 Ra1 41. h5 Bc2 42. Ra7 Re1 43. Bxa6 Bd1 44. Bd3+ Kg8 45. Be4 Rf1 46. b5 Bxf3 47. Bxf3 Rxf3 48. b6 Rc3+ 49. Kd6 Kh7 50. b7 Rb3 51. Kc7 Rc3+ 52. Kb8 Rc4 53. Ka8 1-0

[Event "Online Olym Div3 C"]
[Site "Chess.com INT"]
[Date "2020.08.08"]
[Round "5.4"]
[White "Mululu, Linah"]
[Black "Al Fayyadh, Zainab Asif Abdulah"]
[Result "0-1"]
[WhiteElo "1633"]
[BlackElo "1631"]
[PlyCount "70"]
[EventDate "2020.08.07"]
[EventType "team-tourn (rapid)"]
[EventRounds "9"]
[EventCountry "USA"]
[SourceTitle "CBM 198"]
[Source "ChessBase"]
[SourceDate "2020.10.31"]
[SourceVersion "1"]
[SourceVersionDate "2020.10.31"]
[SourceQuality "1"]
[WhiteTeam "Zambia"]
[BlackTeam "Iraq"]
[WhiteTeamCountry "ZAM"]
[BlackTeamCountry "IRQ"]

1. d4 d5 2. Nf3 Nf6 3. e3 e6 4. Bd3 Be7 5. Nbd2 b6 6. b3 Bb7 7. Bb2 Nbd7 8. Ne5 Nxe5 9. dxe5 Ne4 10. 0-0 0-0 11. Nf3 c5 12. Qe2 f6 13. c4 fxe5 14. Nxe5 Bf6 15. Qg4 Qc7 16. f4 Rfe8 17. Rf3 dxc4 18. Bxc4 Bd5 19. Bd3 Qb7 20. Rh3 Re7 21. Qh5 g6 22. Qg4 Bxe5 23. Bxe5 Rf7 24. Rd1 Raf8 25. Bxe4 Bxe4 26. Qg5 Rf5 27. Qg3 Qa6 28. Qh4 R5f7 29. Rd8 Qe2 30. Rxf8+ Kxf8 31. Qg3 Qd1+ 32. Kf2 Qd2+ 33. Kg1 Bd3 34. Qf3 Qe1+ 35. Qf1 Qxf1# 0-1